00530nam a2200193Ia 450000500170000000800460001702000180006303700100008104000180009104100130010908400080012210000130013024500360014326000310017926000310021026000090024165000410025085600450029120260115173653.0008 260114s9999 xx 000 0 eng d a9780511616662 aEBOOK aCRLbengcCRL aeng2eng qCRL aCaramani 4aThe Nationalization of Politics bCambridge University Press bCambridge University Press c2004 aPolitics and International Relations uhttps://doi.org/10.1017/CBO9780511616662